<?xml version="1.0" encoding="UTF-8"?>
<record
    xmlns:xsi="http://www.w3.org/2001/XMLSchema-instance"
    xsi:schemaLocation="http://www.loc.gov/MARC21/slim http://www.loc.gov/standards/marcxml/schema/MARC21slim.xsd"
    xmlns="http://www.loc.gov/MARC21/slim">

  <leader>03012cam a2200277 i 4500</leader>
  <controlfield tag="001">20407521</controlfield>
  <controlfield tag="005">20250325142316.0</controlfield>
  <controlfield tag="008">180315s2018    nyua          001 0 eng  </controlfield>
  <datafield tag="010" ind1=" " ind2=" ">
    <subfield code="a">  2018012301</subfield>
  </datafield>
  <datafield tag="020" ind1=" " ind2=" ">
    <subfield code="a">9780749481568 (pbk.)</subfield>
  </datafield>
  <datafield tag="040" ind1=" " ind2=" ">
    <subfield code="a">DLC</subfield>
    <subfield code="b">eng</subfield>
    <subfield code="c">DLC</subfield>
    <subfield code="e">rda</subfield>
    <subfield code="d">DLC</subfield>
  </datafield>
  <datafield tag="042" ind1=" " ind2=" ">
    <subfield code="a">pcc</subfield>
  </datafield>
  <datafield tag="050" ind1="0" ind2="0">
    <subfield code="a">HF5415.1255</subfield>
    <subfield code="b">.C646 2018</subfield>
  </datafield>
  <datafield tag="100" ind1=" " ind2=" ">
    <subfield code="a">Coleman, Darren</subfield>
    <subfield code="c">(Marketing researcher),</subfield>
    <subfield code="e">author.</subfield>
  </datafield>
  <datafield tag="245" ind1="1" ind2="0">
    <subfield code="a">Building brand experiences </subfield>
    <subfield code="b">: a practical guide to retaining brand relevance </subfield>
    <subfield code="c">/ Darren Coleman.</subfield>
  </datafield>
  <datafield tag="250" ind1=" " ind2=" ">
    <subfield code="a">First edition.</subfield>
  </datafield>
  <datafield tag="264" ind1=" " ind2="1">
    <subfield code="a">New York, NY :</subfield>
    <subfield code="b">Kogan Page Ltd,</subfield>
    <subfield code="c">[2018]</subfield>
  </datafield>
  <datafield tag="300" ind1=" " ind2=" ">
    <subfield code="a">xiv, 280 pages :</subfield>
    <subfield code="b">illustrations ;</subfield>
    <subfield code="c">24 cm</subfield>
  </datafield>
  <datafield tag="500" ind1=" " ind2=" ">
    <subfield code="a">Includes index.</subfield>
  </datafield>
  <datafield tag="505" ind1="0" ind2=" ">
    <subfield code="a">Introduction to retaining relevance through brand experiences &#x2014;
The brand experience blueprint: a practical management tool &#x2014;
Brand experience environment &#x2014;
Understanding your stakeholders &#x2014;
Fine-tuning your perspective &#x2014;
Considering the mechanics of delivery &#x2014;
Adopting a data-driven approach &#x2014;
Summary: brand experience environment &#x2014;
Brand experience essentials &#x2014;
Brand values &#x2014;
Brand essence &#x2014;
Brand promise &#x2014;
Brand positioning &#x2014;
Brand personality &#x2014;
Summary: brand experience environment and essentials &#x2014;
Brand experience enablers &#x2014;
Behaviour &#x2014;
Communications &#x2014;
Design &#x2014;
Summary: brand experience environment, essentials and enablers &#x2014;
Measuring brand experiences &#x2014;
Getting started with measuring brand experiences &#x2014;
Adopting a holistic approach to measuring brand experiences &#x2014;
How to measure brand experiences scientifically &#x2014;
Closing thoughts: building brand experiences to retain relevance.</subfield>
  </datafield>
  <datafield tag="520" ind1=" " ind2=" ">
    <subfield code="a">Retaining brand relevance is fundamental to organizational success, and an increasing challenge that high-level marketing professionals now face.

In the past, many have responded with product or price-based competition, yet this can only propel a brand so far when it comes to retaining long-term relevance. Research shows that consumers are in fact driven by emotion and positive brand experiences have the power to drive engagement, while simultaneously offering countless options for competitive differentiation. Building Brand Experiences enables managers and executives to realize this and create tailored, relevant experiences that will appeal to consumers and drive brand performance.

Practically structured around The Brand Experience Blueprint, Building Brand Experiences provides a step-by-step guide to the process of building effective brand experiences based on tried-and-tested tools, templates and informed research. Combining expert insight and real-world examples in an anecdotal and digestible way, Building Brand Experiences is the essential guide to crafting relevant experiences that consumers will love, to improve brand engagement and drive results.</subfield>
  </datafield>
  <datafield tag="650" ind1=" " ind2="0">
    <subfield code="a">Branding (Marketing)</subfield>
    <subfield code="9">6284</subfield>
  </datafield>
  <datafield tag="650" ind1=" " ind2="0">
    <subfield code="a">Consumers' preferences</subfield>
    <subfield code="9">23349</subfield>
  </datafield>
  <datafield tag="650" ind1=" " ind2="0">
    <subfield code="a">Consumer satisfaction</subfield>
    <subfield code="9">7011</subfield>
  </datafield>
  <datafield tag="942" ind1=" " ind2=" ">
    <subfield code="2">lcc</subfield>
  </datafield>
  <datafield tag="952" ind1=" " ind2=" ">
    <subfield code="0">0</subfield>
    <subfield code="1">0</subfield>
    <subfield code="2">lcc</subfield>
    <subfield code="4">0</subfield>
    <subfield code="7">0</subfield>
    <subfield code="a">TBS</subfield>
    <subfield code="b">TBS</subfield>
    <subfield code="d">2025-03-25</subfield>
    <subfield code="l">0</subfield>
    <subfield code="o">HF5415.1255 COL</subfield>
    <subfield code="p">B05907</subfield>
    <subfield code="r">2025-12-12</subfield>
    <subfield code="t">1</subfield>
    <subfield code="w">2025-03-25</subfield>
    <subfield code="y">1</subfield>
  </datafield>
  <datafield tag="999" ind1=" " ind2=" ">
    <subfield code="c">4578</subfield>
    <subfield code="d">4578</subfield>
  </datafield>
</record>
